000 00745nam a22002297a 4500
005 20170124105956.0
010 _aA-791595
020 _c00.00
_a8170247535
035 _aA-791595
037 _bCen Lib/Ret
040 _aDPL
_bEN
082 _a355.825119
_bNAS
100 _aNashif, Taysir N.
_914758
245 _aNuclear weapons in israel /
_cby Taysir N. nashif
260 _aNew Delhi
_bAPH Publishing Corporation
_c1996
270 _bNew Delhi
_a5, ansai road, dariya ganj
_e110002
300 _aviii, 124p.
_c21cm(Hb)
500 _aIncludes bibliographical references and index
650 _aNuclear development
_zIsrael
_914759
650 _aWeapon development
_914760
942 _2ddc
_cEN
_h355.825119
_mNAS
999 _c125556
_d125556